A COLOUR ATLAS OF ACID ETCH TECHNIQUE (Record no. 3115)

MARC details
000 -LEADER
fixed length control field 00388nam a2200145Ia 4500
008 - FIXED-LENGTH DATA ELEMENTS--GENERAL INFORMATION
fixed length control field 150201s1984 xx 000 0 und d
082 ## - DEWEY DECIMAL CLASSIFICATION NUMBER
Classification number 617.525
Item number A1984M
100 ## - MAIN ENTRY--PERSONAL NAME
Personal name MURRAY
245 #2 - TITLE STATEMENT
Title A COLOUR ATLAS OF ACID ETCH TECHNIQUE
250 ## - EDITION STATEMENT
Edition statement 1ST
260 ## - PUBLICATION, DISTRIBUTION, ETC. (IMPRINT)
Name of publisher, distributor, etc. WOLFE PUBLICATION
Place of publication, distribution, etc. LONDON ( U.K)
Date of publication, distribution, etc. 1984
300 ## - PHYSICAL DESCRIPTION
Extent Jan-64
650 ## - SUBJECT ADDED ENTRY--TOPICAL TERM
Topical term or geographic name as entry element PREVENTIVE AND COMMUNITY DENTISTRY
942 ## - ADDED ENTRY ELEMENTS (KOHA)
Source of classification or shelving scheme Dewey Decimal Classification
Koha item type Books
Holdings
Withdrawn status Lost status Source of classification or shelving scheme Damaged status Not for loan Home library Current library Date acquired Source of acquisition Cost, normal purchase price Serial Enumeration / chronology SGTU Bill Number Total Checkouts Full call number Barcode Date last seen Bill Date Koha item type
    Dewey Decimal Classification     SGT Dental Library SGT Dental Library 09/03/2005 U.B.S.DELHI 350.00 1 SGTU 1305   617.525 A1984M FD3012 28/06/2016 06/04/2012 Books